000
00310nam a2200109Ia 4500
008
201223s9999 xx 000 0 und d
100
_a
Ghosh, A.
245
0
_a
(The) City in early historical India
260
_a
New Delhi
_b
Indian Institute of Advanced Studies & Munshiram Manoharlal
300
_a
98
942
_c
BK
999
_c
8521
_d
8521